NFL Hall of Famers who lived over 90 - Statistics

General Stats
  • This quiz has been taken 6 times
  • The average score is 2 of 22
Answer Stats
Age POS DOD Person % Correct
90 HC 5/4/2020 Don Shula
75%
101 QB 11/6/2013 Ace Parker
25%
95 HC 3/11/2023 Bud Grant
25%
100 RB 10/19/2022 Charley Trippi
25%
98 Founder of NFL Films 2/9/2015 Ed Sabol
25%
94 QB 12/17/2008 Sammy Baugh
25%
90 QB 10/8/2017 Y.A. Tittle
25%
97 REF 1/1/2023 Art McNally
0%
90 END 7/28/2014 Ed Sprinkle
0%
92 RB 3/11/1986 Fritz Pollard
0%
90 RB 3/4/2019 George McAfee
0%
90 OT 9/5/2000 George Musso
0%
91 VP Gil Brandt
0%
93 DE 4/29/2019 Gino Marchetti
0%
93 RB 6/17/2022 Hugh McElhenny
0%
91 LB Joe Schmidt
0%
97 HC Marv Levy
0%
90 END 7/19/1994 Ray Flaherty
0%
90 WR Raymond Berry
0%
95 END 7/13/1998 Red Badgro
0%
91 GM 1/3/2003 Sid Gillman
0%
91 RB 8/23/2012 Steve Van Buren
0%
No matching quizzes found
Score Distribution
Percent of People with Each Score
Percentile by Number Answered
Your Score History
You have not taken this quiz